Statistiques concernant Anglais #2

Cliquez ici pour prendre le quiz!

Statistiques générales

  • Ce quiz a été pris 78 fois
  • Le résultat moyen est 5 sur 8

Statistiques - réponses

HintRéponse% Correct
An aera for children to play.Playground
92%
A usually rich man whose life is devoted to pleasure.A playboy
80%
A companion in play.A playmate
80%
Unfair treatment.Foul play
71%
An extremely simple task or act.Child's play
70%
Rough, noisy fun or play.Horseplay
35%
A portable enclosure in which a baby may play safely.A playpen
20%
A personne treated as lightly ans as carelessly as a toy.A plaything
17%

Distribution des résultats

Percentile par nombre de réponses

% des personnes avec chaque résultat

Votre développement - résultats

Vous n’avez pas pris ce quiz